Всероссийская конференция с элементами научной школы для молодежи "Клеточные исследования и технологии в современной биомедицине", 9.11.2009 - 10.10.2009 (Запись № 1717252)

Подробности
000 -МАРКЕР
контрольное поле 02803nam0a2200361 4500
001 - ИДЕНТИФИКАТОР ЗАПИСИ
контрольное поле RU\NLR\bibl\1491757
005 - ИДЕНТИФИКАТОР ВЕРСИИ
контрольное поле 20260407222217.0
010 ## - МЕЖДУНАРОДНЫЙ СТАНДАРТНЫЙ НОМЕР КНИГИ (ISBN)
Номер (ISBN) 978-5-88422-407-0
Тираж 100
021 ## - НОМЕР ГОСУДАРСТВЕННОЙ РЕГИСТРАЦИИ
Код страны Российская Федерация
Номер 2010-8078
Номер Листа государственной регистраци 530
035 ## - ДРУГИЕ СИСТЕМНЫЕ НОМЕРА
Идентификатор записи (NLR Aleph) 001483308
100 ## - ДАННЫЕ ОБЩЕЙ ОБРАБОТКИ
Данные общей обработки 20100329d2009 |||y0rusy50 ca
101 0# - ЯЗЫК РЕСУРСА
Язык текста, звукозаписи и т.д. русский
102 ## - СТРАНА ПУБЛИКАЦИИ ИЛИ ПРОИЗВОДСТВА
Страна публикации Российская Федерация
105 ## - ПОЛЕ КОДИРОВАННЫХ ДАННЫХ: ТЕКСТОВЫЕ МАТЕРИАЛЫ, МОНОГРАФИЧЕСКИЕ
Кодированные данные о монографическом текстовом документе a |||||||||
200 1# - ЗАГЛАВИЕ И СВЕДЕНИЯ ОБ ОТВЕТСТВЕННОСТИ
Основное заглавие Всероссийская конференция с элементами научной школы для молодежи "Клеточные исследования и технологии в современной биомедицине", 9.11.2009 - 10.10.2009
Сведения, относящиеся к заглавию сборник материалов
Первые сведения об ответственности под ред. акад. РАЕН, д.м.н., проф. Хадарцева А.А., чл.-корр. АМТН Иванова Д.В.
210 ## - ПУБЛИКАЦИЯ, РАСПРОСТРАНЕНИЕ И ДР.
Место издания, распространения и т.д. Тула
Имя издателя, распространителя и т. д. Тульский полиграфист
Дата издания, распространения и т.д. 2009
215 ## - ФИЗИЧЕСКАЯ ХАРАКТЕРИСТИКА
Специфическое обозначение материала и объем 68 с.
Другие сведения о физической характеристике ил.
Размеры 21
300 ## - ОБЩИЕ ПРИМЕЧАНИЯ
Текст примечания На обл.: Клеточные исследования и технологии в современной биомедицине: всероссийская конференция с элементами научной школы для молодежи, 9.11.2009 - 10.10.2009: сборник материалов
300 ## - ОБЩИЕ ПРИМЕЧАНИЯ
Текст примечания В надзаг.: Федер. агентство по науке и инновациям, Тул. гос. ун-т, ГУП ТО НИИ новых мед. технологий
311 ## - ПРИМЕЧАНИЯ, ОТНОСЯЩИЕСЯ К ПОЛЯМ СВЯЗИ (ПРИМЕЧАНИЯ О СВЯЗИ С ДРУГИМИ ПРОИЗВЕДЕНИЯМИ (ИЗДАНИЯМИ))
Текст примечания Прил. к журн. "Вестник новых медицинских технологий"
422 #0 - ИЗДАНИЕ, К КОТОРОМУ ОТНОСИТСЯ ПРИЛОЖЕНИЕ
Встроенное поле 2001#$aВестник новых медицинских технологий
Заглавие Вестник новых медицинских технологий
512 1# - ЗАГЛАВИЕ ОБЛОЖКИ
Заглавие обложки Клеточные исследования и технологии в современной биомедицине
Сведения, относящиеся к заглавию всероссийская конференция с элементами научной школы для молодежи, 9.11.2009 - 10.10.2009
-- сборник материалов
606 1# - НАИМЕНОВАНИЕ ТЕМЫ КАК ПРЕДМЕТ
Наименование темы Клеточная терапия
Формальный подзаголовок Съезды, совещания и т.п.
Системный номер авторитетной/нормативной записи 1594358
Идентификатор авторитетной/нормативной записи RU\NLR\auth\66701067
606 1# - НАИМЕНОВАНИЕ ТЕМЫ КАК ПРЕДМЕТ
Наименование темы Биомедицинские технологии
Формальный подзаголовок Съезды, совещания и т.п.
Системный номер авторитетной/нормативной записи 2088583
Идентификатор авторитетной/нормативной записи RU\NLR\auth\661264377
686 ## - ИНДЕКСЫ ДРУГИХ КЛАССИФИКАЦИЙ
Индекс Р353.53я431(2)
686 ## - ИНДЕКСЫ ДРУГИХ КЛАССИФИКАЦИЙ
Индекс Р.с.я431(2)
710 12 - НАИМЕНОВАНИЕ ОРГАНИЗАЦИИ - ПЕРВИЧНАЯ ОТВЕТСТВЕННОСТЬ
Начальный элемент ввода "Клеточные исследования и технологии в современной биомедицине", всероссийская конференция с элементами научной школы для молодежи
Место проведения временной организации Тула
Дата проведения временной организации 2009
Системный номер авторитетной/нормативной записи 793506
Идентификатор авторитетной/нормативной записи RU\NLR\AUTH\8810149453
801 #0 - ИСТОЧНИК ЗАПИСИ
Страна Российская Федерация
Организация NLR
Дата составления 20100329
Правила каталогизации RCR
801 #1 - ИСТОЧНИК ЗАПИСИ
Страна Российская Федерация
Организация NLR
Дата составления 20100329
942 ## - ДОПОЛНИТЕЛЬНЫЕ ЭЛЕМЕНТЫ ЗАПИСИ (АБИС)
Тип экземпляра АБИС Книга
980 ## - КОЛЛЕКЦИЯ
Название коллекции Национальная библиография
980 ## - КОЛЛЕКЦИЯ
Название коллекции НБР
Экземпляры
Тип экземпляра Дата поступления Источник поступления Библиотека постоянного хранения Библиотека текущего хранения Место хранения Шифр хранения Штрих-код Статус экземпляра
Книга 29.03.2010 Обязательный экземпляр РНБ (Московский) РНБ (Московский) Русский книжный фонд: издания с 1957 года 2010-4/4591 3136616